Southville International School and Colleges
Your cart is empty.
  • Cart
  • Lists
    Public lists Eva Luna New books Lux_list list_1
    Your lists Log in to create your own lists
  • Log in to your account
  • Your cookies
  • Search history
Southville International School and Colleges
  • Advanced search
  • Recent comments
  • Most popular
  • Libraries

Log in to your account

Log in with GOOGLE


If you do not have an external account, but do have a local account, you can still log in:

  1. Home
  2. MARC view: Stories by English Authors :
Normal view MARC view ISBD view

Stories by English Authors : (Record no. 231321)

[ view plain ]
MARC details
000 -LEADER
fixed length control field 01025cam a22003013a 4500
001 - CONTROL NUMBER
control field 1980
003 - CONTROL NUMBER IDENTIFIER
control field PGUSA
005 - DATE AND TIME OF LATEST TRANSACTION
control field 20140828083009.0
008 - FIXED-LENGTH DATA ELEMENTS--GENERAL INFORMATION
fixed length control field 060326s2006||||xxu|||||s|||||000 1 eng d
040 ## - CATALOGING SOURCE
Original cataloging agency PGUSA
Language of cataloging eng
042 ## - AUTHENTICATION CODE
Authentication code dc
050 #4 - LIBRARY OF CONGRESS CALL NUMBER
Classification number PR
245 10 - TITLE STATEMENT
Title Stories by English Authors :
Remainder of title Africa (Selected by Scribners)
Medium [electronic resource]
260 ## - PUBLICATION, DISTRIBUTION, ETC. (IMPRINT)
Name of publisher, distributor, etc Project Gutenberg,
Date of publication, distribution, etc 2006
505 0# - FORMATTED CONTENTS NOTE
Formatted contents note The mystery of Sasassa Valley -- Long odds -- King Bemba's Point, a West African story -- Ghamba -- Mary Musgrave -- Gregorio.
506 ## - RESTRICTIONS ON ACCESS NOTE
Terms governing access Public domain in the USA.
516 ## - TYPE OF COMPUTER FILE OR DATA NOTE
Type of computer file or data note Electronic text
653 ## - INDEX TERM--UNCONTROLLED
Uncontrolled term Short stories, English
653 ## - INDEX TERM--UNCONTROLLED
Uncontrolled term Africa -- Fiction
700 1# - ADDED ENTRY--PERSONAL NAME
Personal name Scully, W. C.
Fuller form of name (William Charles),
Dates associated with a name 1855-1943
700 1# - ADDED ENTRY--PERSONAL NAME
Personal name Doyle, Arthur Conan,
Dates associated with a name 1859-1930
700 1# - ADDED ENTRY--PERSONAL NAME
Personal name Addleshaw, Percy,
Dates associated with a name 1866-1916
700 1# - ADDED ENTRY--PERSONAL NAME
Personal name Haggard, H. Rider
Fuller form of name (Henry Rider),
Dates associated with a name 1856-1925
700 1# - ADDED ENTRY--PERSONAL NAME
Personal name Landers, J.
830 #0 - SERIES ADDED ENTRY--UNIFORM TITLE
Uniform title Project Gutenberg
Volume number/sequential designation 1980
856 40 - ELECTRONIC LOCATION AND ACCESS
Uniform Resource Identifier <a href="http://www.gutenberg.org/ebooks/1980">http://www.gutenberg.org/ebooks/1980</a>
942 ## - ADDED ENTRY ELEMENTS (KOHA)
Koha item type eBooks
Holdings
Withdrawn status Lost status Damaged status Home library Current library Date acquired Total Checkouts Date last seen Price effective from Koha item type
      Project Gutenberg Project Gutenberg 08/28/2014   08/28/2014 08/28/2014 eBooks

Stories by English Authors :

APA

Scully W. C., Doyle A. C., Addleshaw P., Haggard H. R. & Landers J. (2006). Stories by English Authors. : Project Gutenberg.

Chicago

Scully W C, Doyle Arthur Conan, Addleshaw Percy, Haggard H Rider and Landers J. 2006. Stories by English Authors. : Project Gutenberg.

Harvard

Scully W. C., Doyle A. C., Addleshaw P., Haggard H. R. and Landers J. (2006). Stories by English Authors. : Project Gutenberg.

MLA

Scully W C, Doyle Arthur Conan, Addleshaw Percy, Haggard H Rider and Landers J. Stories by English Authors. : Project Gutenberg. 2006.

  • Place hold
  • Print
  • Cite
  • Add to your cart (remove)
  • Save record
    BIBTEX Dublin Core MARCXML MARC (non-Unicode/MARC-8) MARC (Unicode/UTF-8) MARC (Unicode/UTF-8, Standard) MODS (XML) RIS
  • More searches
    Search for this title in:
    Other Libraries (WorldCat) Other Databases (Google Scholar) Online Stores (Bookfinder.com) Open Library (openlibrary.org)

Exporting to Dublin Core...

SOUTHVILLE LIBRARY

Southville International School and Colleges Library

1281 Tropical Ave. Cor. Luxembourg St., BF Homes International, Las Pinas City

Tel. No. 8256374 / 252358 Loc. 117/146

Powered by Koha